How to speak without fear

Saved in:
Bibliographic Details
Main Author: Rogers, Natalie
Format: Book
Language:English
Published: London : Ward Lick, 1982
Subjects:
Tags: Add Tag
No Tags, Be the first to tag this record!

MARC

LEADER 00000nam a2200000 i 4500
001 1/28317
008 960321s1982 eng d
020 |a 0706363019 
035 |l 10023016 
040 |a GR-MY-UA  |b gre  |e aacr 
041 0 |a eng 
082 0 |a 808.51 
100 1 |a Rogers, Natalie. 
245 1 0 |a How to speak without fear 
260 |a London :   |b Ward Lick,   |c 1982 
300 |a 242 p. 
650 0 0 |a Public speaking. 
852 |a INST  |b CHIOS  |e 19960321  |h 808.51 ROG  |p 005200004274  |q 005200004274  |t BK  |y 0 
909 |a Χ  |b 001480